Mest almindelige fornavne i Spanien - Statistics

General Stats
  • This quiz has been taken 66 times
  • The average score is 9 of 40
Answer Stats
navn % Correct
Juan
69%
María
69%
José
58%
Pedro
51%
Carlos
44%
Jesús
40%
Miguel
38%
Pablo
38%
Fernando
36%
Luis
33%
Sergio
33%
Alejandro
31%
Jorge
31%
Ana
29%
Daniel
29%
Antonio
27%
David
20%
Carmen
18%
Javier
18%
Laura
18%
Manuel
18%
Cristina
16%
Lucía
16%
Isabel
13%
Rafael
13%
Ángel
11%
Elena
9%
Luisa
9%
Paula
9%
Antonia
7%
Francisco
7%
Marta
7%
Sara
4%
Francisca
2%
Josefa
2%
Pilar
2%
Teresa
2%
Angeles
0%
Concepción
0%
Dolores
0%
No matching quizzes found
Score Distribution
Percent of People with Each Score
Percentile by Number Answered
Your Score History
You have not taken this quiz